Państwa świata z literą B - Statystyki

Ogólne statystyki
  • Ten quiz został rozwiązany 3 145 razy
    3 109 od ostatniego zresetowania
  • Średni wynik to 33 z 47
Statystyki odpowiedzi
Państwa % Poprawnych
Belgia
92%
Brazylia
92%
Bułgaria
87%
Białoruś
86%
Boliwia
85%
Bośnia i Hercegowina
83%
Bangladesz
81%
Arabia Saudyjska
79%
Belize
78%
Albania
77%
Bahamy
76%
Barbados
76%
Wielka Brytania
75%
Bahrajn
74%
Bhutan
74%
Botswana
74%
Brunei
74%
Burundi
74%
Azerbejdżan
73%
Benin
72%
Republika Południowej Afryki
72%
Zimbabwe
72%
Burkina Faso
71%
Libia
71%
Zambia
71%
Zjednoczone Emiraty Arabskie
71%
Antigua i Barbuda
68%
Kolumbia
68%
Liban
68%
Republika Środkowoafrykańska
68%
Demokratyczna Republika Konga
66%
Uzbekistan
64%
Gabon
63%
Gambia
63%
Liberia
63%
Luksemburg
63%
Republika Zielonego Przylądka
63%
Namibia
62%
Serbia
62%
Wybrzeże Kości Słoniowej
62%
Kambodża
61%
Gwinea Bissau
59%
Kuba
59%
Mozambik
59%
Dżibuti
58%
Trynidad i Tobago
58%
Kiribati
53%
Nie znaleziono quizów pasujących do podanych kryteriów
Rozkład punktacji
Procent ludzi z każdym wynikiem
Percentyl według liczby udzielonych odpowiedzi
Twoja historia wyników
Nie rozwiązałeś tego quizu od ostatniego zresetowania